|
|
|
|
| LEADER |
00000nam a2200000Ia 4500 |
| 008 |
160519b1989 cr ||||| |||| 00| | spa d |
| 090 |
|
|
|a 13.09.09
|b 201
|
| 100 |
1 |
|
|a Bacca Jara, Mary Lillyam
|9 1795
|
| 245 |
1 |
0 |
|a Perfil del docente de la Sub-Región de los Santos /
|c Mary Lillyam Bacca Jara, Wilson Fernández Mora
|
| 260 |
|
|
|a San José, Costa Rica :
|b El Ministerio,
|c 1989
|
| 300 |
|
|
|a 70 páginas
|
| 650 |
1 |
4 |
|a DOCENTES
|9 331
|
| 650 |
1 |
4 |
|a EDUCACIÓN
|9 1
|
| 650 |
1 |
4 |
|a PERFIL PROFESIONAL
|9 1698
|
| 650 |
1 |
4 |
|a EVALUACIÓN DE LA EDUCACIÓN
|9 308
|
| 650 |
1 |
4 |
|a ÉTICA
|9 563
|
| 700 |
|
|
|a Fernández Mora, Wilson
|9 1796
|
| 942 |
|
|
|i 00238
|h 13.09.09 201
|2 z
|c 01
|
| 999 |
|
|
|c 2094
|d 2094
|